LIBRARY & INFORMATION CENTRE, KCAET, TAVANUR

ONLINE PUBLIC ACCESS CATALOGUE (OPAC)

Principles of Physical Chemistry (Record no. 14702)

MARC details
000 -LEADER
fixed length control field 00366nam a22001457a 4500
020 ## - INTERNATIONAL STANDARD BOOK NUMBER
ISBN 9789382956013
082 ## - DEWEY DECIMAL CLASSIFICATION NUMBER
Classification number 541.3
Item number PUR/PR
100 ## - MAIN ENTRY--AUTHOR NAME
Personal name Puri B.R.
100 ## - MAIN ENTRY--AUTHOR NAME
Personal name Sharma L.R.
100 ## - MAIN ENTRY--AUTHOR NAME
Personal name Pathania,Madan S.
245 ## - TITLE STATEMENT
Title Principles of Physical Chemistry
260 ## - PUBLICATION, DISTRIBUTION, ETC. (IMPRINT)
Place of publication Jalandhar
Name of publisher Vishal Publishing co.
Year of publication 2015
300 ## - PHYSICAL DESCRIPTION
Number of Pages 1366
942 ## - ADDED ENTRY ELEMENTS (KOHA)
Koha item type Book Bank scheme for SC students
Holdings
Withdrawn status Lost status Damaged status Home library Current library Shelving location Date acquired Source of acquisition Cost, normal purchase price Full call number Accession Number Koha item type
      KAUAET KAUAET Scheme 18/08/2016 Penta Books Distributors, Calicut. 665.00 541.3 PUR/PR BB 403 Book Bank scheme for SC students
free website counter